| 000 | 01133nam a22002177a 4500 | ||
|---|---|---|---|
| 999 |
_c58431 _d58431 |
||
| 003 | Ge_BSU | ||
| 005 | 20220207120212.0 | ||
| 008 | 220207s2011 ge ||||| |||| 00| 0 geo d | ||
| 041 | _ageo | ||
| 080 | _a347.965(075.8) კ-16 | ||
| 100 |
_aკაიშაური, ბესიკ _913483 |
||
| 245 |
_aადვოკატი სამოქალაქო საქმეზე : _bპრაქტიკული სახელმძღვანელო / _cბესიკ კაიშაური. [რედ. როინ მიგრიაული]. |
||
| 264 |
_aთბილისი: _bბონა კაუზა, _c2011. |
||
| 300 |
_a162 გვ. ; _b20 სმ. |
||
| 440 |
_aიურისტის ბიბლიოთეკა _9137 |
||
| 504 | _aბიბლიოგრ.: გვ. 156. | ||
| 653 | _aსაადვოკატო მომსახურეობა - პრაქტიკული სახელმძღვანელოები. | ||
| 653 | _aსამართალი | ||
| 700 |
_aმიგრიაული, როინ _eრედაქტორი _91056 |
||
| 942 |
_2udc _cBK |
||